Luke Hemsworth Filmography - Statistics

General Stats
  • This quiz has been taken 11 times
    5 since last reset
  • The average score is 11 of 44
Answer Stats
Type Year Name % Correct
Film 2017 Thor: Ragnarok
100%
Film 2022 Thor: Love and Thunder
75%
TV Show 2015 Saturday Night Live
50%
TV Show 2008 The Elephant Princess
50%
TV Show 2005 All Saints
25%
Film 2021 Asking for It
25%
Film 2023 Bad Hombres
25%
TV Mini-Series 2012 Bikie Wars: Brothers in Arms
25%
TV Show 2004 Blue Heelers
25%
TV Mini-Series 2009 Carla Cametti PD
25%
Film 2019 Crypto
25%
Web Series TBA Deadloch
25%
Film 2020 Death of Me
25%
Film 2018 Encounter
25%
Film 2024 Gunner
25%
Film 2017 Hickok
25%
Film 2015 Infini
25%
Film TBA Ithaqua
25%
Film 2014 Kill Me Three Times
25%
Film 2024 Land of Bad
25%
TV Show 2005 Last Man Standing
25%
TV Show 2001-2002, 2008 Neighbours
25%
Film 2023 Next Goal Wins
25%
Film 2022 Ocean Boy
25%
Film 2018 River Runs Red
25%
TV Show 2007 Satisfaction
25%
TV Show 2009 Tangle
25%
Film 2014 The Anomaly
25%
TV Show 2011 The Bazura Project
25%
Film 2016 The Osiris Child: Science Fiction Volume One
25%
Film 2014 The Reckoning
25%
TV Show 2003 The Saddle Club
25%
Web Series 2025 The Terminal List: Dark Wolf
25%
Film 2020 The Very Excellent Mr. Dundee
25%
Film 2018 We Are Boats
25%
TV Show 2016-2022 Westworld
25%
TV Show 2012 Winners & Losers
25%
TV Show 2021 Young Rock
25%
Film TBA Beast in Me
0%
Short Film 2017 City Slickers in Westworld
0%
Documentary Series 2022 Limitless
0%
Music Video 2017 Say Less
0%
Short Documentary 2024 The Great Kimberley Wilderness
0%
Web Series 2025 The Terminal List
0%
No matching quizzes found
Score Distribution
Percent of People with Each Score
Percentile by Number Answered
Your Score History
You have not taken this quiz since the last reset